000 00374nam a2200157Ia 4500
008 210716s2003 xx 000 0 und d
020 _a9780340859629
041 _aeng
082 _a158.3 MILA
100 _aMilne, Aileen.
245 _aTeach yourself counselling.
250 _a1
260 _aLondon
_bMc Graw Hill
_c2003
300 _axii,276
650 _aPsychology
999 _c201618
_d201618